LEADER 01204nam a2200301 u 4500 001 000000031217 003 CaOOAMICUS 005 20070226112121.0 008 970930s1995 it u000 u ita u 020 $a8839915613 035 $a10770972 040 $aPUL(R)$bita 041 1 $aita$heng 100 1 $aCraghan, John.$0(OLS)http://pul/name/24977 240 10$aEsther, judith, Tobit, Jonah, Ruth.$lItaliano.$0(OLS)http://pul/title/42899 245 10$aEster, Giuditta, Tobia, Giona /$cJohn Craghan. 260 $aBrescia :$bQueriniana,$cc1995. 300 $a186 p. ;$c21 cm 490 1 $aLeggere oggi la Bibbia.$aI, Antico Testamento ;$v11 500 $a"Indice biblico" : p. [181]-183. 830 0$aLeggere oggi la Bibbia.$nI,$pAntico Testamento ;$v11.$0(OLS)http://pul/title/42369 850 $aPUL 852 $aPUL$W1$xSL Religione 1$y3$m6(1) B 17$j43136$nBK-PRI$b $qStampati$B43136$CPULBib$Z2$F43136 $H $81 941 1 $a8 961 $aINV: 74068. 996 $6020$a8839915613$9(OLS)http://pul/number/39155 996 $6245$aEster, Giuditta, Tobia, Giona$9(OLS)http://pul/title/42900 996 $6260$aBrescia :$bQueriniana$9(OLS)http://pul/publisher/47906 LEADER 01231nam a2200289 a 4500 001 000000173199 003 CaOOAMICUS 005 20200210190456.0 008 200210t2019 it u000 u ita r 020 $z978-88-921-0148-7* 032 $aLibriCat 040 $aPUL$bita$dLDA 100 1 $aCostanzo, Pasquale.$0(OLS)http://pul/name/64344 245 10$aLineamenti di diritto costituzionale dell'Unione europea /$cPasquale Costanzo, Luca Mezzetti, Antonio Ruggeri. 250 $a5a Ed. 260 $aTorino :$bGiappichelli,$cİ2019. 300 $aXX, 595 p. ;$c24 cm 650 04$aDiritto costituzionale$zEuropa.$0(OLS)http://pul/subject/28011 700 1 $aMezzetti, Luca.$0(OLS)http://pul/name/64345 700 1 $aRuggeri, Antonio.$0(OLS)http://pul/name/39372 850 $aPUL 852 $aPUL$W1$xSL Diritto e Scienze Sociali 3$y79$m342. 24 COSPA 2$j197176$qDDC 21$B201964$CPULBib$Z2$F201964 $H133979 $82 941 1 $a9 996 $6020$z978-88-921-0148-7*$9(OLS)http://pul/number/167189 996 $6245$aLineamenti di diritto costituzionale dell'Unione europea$9(OLS)http://pul/title/131734 996 $6260$aTorino :$bGiappichelli$9(OLS)http://pul/publisher/48244